000 01120nam a22002894aa4500
003 BOFEUTO
005 20260512141436.0
008 t2025 bo gr 000 f spa d
040 _6BOFEUTO
_aBOFEUTO
_cBOFEUTO
041 _aspa
044 _abo
082 _aTE6292
_bG983
100 _aGutierrez Adrían, Miguel Ángel
_eautor
245 _aEstrategias de comercialización para la Empresa Industrial y Comercial Embotelladora de Bebidas no Alcohólicas Palirok en el municipio de Oruro.
_cMiguel Ángel Gutierrez Adrían
260 _aOruro :
_bs/n ;
_c2025 .
300 _a115 hojas :
_bgráf, ilus. ;
_c28.5 cm.
500 _aIncluye bibliografía, anexos.
502 _aTesis Dirigida, (Licenciatura) -- Universidad Técnica de Oruro, Facultad de Ciencias Económicas, Financieras y Administrativas, Carrera Administración de Empresas, 2025.
650 _aEstratégias de Comercialización
653 _aCalildad
653 _aMercado
653 _aComercialización
653 _aVentas
653 _aConsumidor
700 _aGuzmán Gutiérrez. Gonzalo Douglas
_etutor
942 _2ddc
_cTE
_n0
999 _c16143
_d16143